000 00484nam a22001817a 4500
999 _c5915
_d5915
003 OSt
005 20251127135222.0
008 251127b ||||| |||| 00| 0 eng d
020 _a9781839036309
040 _cKH8
082 0 4 _a813.6 LAU
100 1 _aLaure, Estelle
_eauthor
245 1 0 _aCity of villains
_cEstelle Laure
264 1 _aCottage Farm,NN6 0BJ,UK
_bAutumn Publishing
_c2021
300 _a266 pages
_c12 cm x 19 cm
655 0 _aYoung adult fiction
942 _2ddc
_cFIC